000 00308nam a22001217a 4500
008 180514b xxu||||| |||| 00| 0 eng d
041 _aeng
080 _a043.3
100 _a0
101 _aSHKI-MTH
245 _aKrahasimi i multi path TCP dhe TCP (pengesat dhe përparësitë)
_cIstogu,I
942 _2udc
_cBK
999 _c45741
_d45741